SCH : 20 Citations #3 (Difficile) - Statistiques

Statistiques générales
  • Ce quiz a été pris 52 fois
  • Le résultat moyen est 5 sur 20
Statistiques - réponses
Hint Réponse % Correct
Corleone, Sergio Leone, vivre une demi-vie ou êtrе un demi-homme ? Hells Kitchen
68%
Les affaires sont les affaires et j'ai des choses à faire toute la nuit Tôt ou tard, tu retournes dans l'oubli, six o'clock, toc, toc, toc Le taulier
50%
J'dois p't-être les priver du Sun, mieux de leur faire de l'ombre que de la peine Soldi famiglia
48%
Un revenant qui prend possession d'un corps pour crier la vérité Tokarev
45%
Marche funéraire sous un soleil de plomb parce que nous, on meurt jeune comme Lawrence d'Arabie Incompris
38%
Tu m'sors des outils ? J'crois qu'tu veux jouer Drogue prohibée
30%
J'aimerais pleurer seul dans cette grande avenue sans m'inquiéter du monde Tant pis
30%
Avant qu'la lune, les étoiles et l'ciel me tombent sur la tête Et qu'ma plume s'envole dans les tourbillons d'vent Quand on était mômes
28%
Si tout l'monde a un prix, ouais, j'achète un peu plus de ton cœur chaque jour Plus rien à se dire
25%
Il aurait fallu r'voir les murs avant d'refaire la peinture, au lieu d'cacher la misère comme ça Balafres
23%
J't'en prie, j'dors mal, j'me réveille, j'transpire, fais moi un signe Essuie tes larmes
23%
Ça va retourner la terre comme la Wehrmacht, violence physique et verbale Euro
23%
Récompensez-moi si j'en ai les vertus, délaissez-moi si j'vous ai déçu et parlez-moi de c'que j'ai jamais su Comme avant
20%
Si t'es l'mouchoir et qu'mon flingue a l'rhume, p't-être qu'l'un d'nous deux ce soir doit rendre l'âme Mauvaises idées
20%
Je vais capituler seulement quand j's'rai mort Météore
15%
J'ai faim comme un rookie, appelez-moi : "Le p'tit nouveau" Offshore
15%
Minimum : dix millions sinon, t'es pas loin d'être pauvre Super Silver Haze
15%
Quand les feuilles vont tomber d'l'arbre et qu'l'automne va faire place à l'hiver Slow mo
13%
Les vautours rodent avant les chrysanthèmes Allez leur dire
10%
Perce le coffre à la mèche de six, c'est plus du hip-hop, c'est d'la médecine, découpe comme si j'pose avec une scie Blue Bahamas
5%
Aucun quiz correspondant
Distribution des résultats
% des personnes avec chaque résultat
Percentile par nombre de réponses
Votre historique - résultats
Vous n’avez pas pris ce quiz